000 00232nam a2200097 a 4500
008 111125s2003|||| d
245 1 0 _aMOravskoslezky kraj
260 _bProxima Bohemia
_aPraha
_c2003
020 _c100
044 _axo
_cSK
999 _c19873
_d19873